Earth odyssey : (Record no. 15058)

MARC details
000 -LEADER
fixed length control field 01433cam a2200337 a 4500
001 - CONTROL NUMBER
control field 4980458
003 - CONTROL NUMBER IDENTIFIER
control field OSt
005 - DATE AND TIME OF LATEST TRANSACTION
control field 20211026152500.0
008 - FIXED-LENGTH DATA ELEMENTS--GENERAL INFORMATION
fixed length control field 980615s1998 nyu b 001 0 eng
010 ## - LIBRARY OF CONGRESS CONTROL NUMBER
LC control number 98028202
020 ## - INTERNATIONAL STANDARD BOOK NUMBER
International Standard Book Number 0767900588 (hc)
040 ## - CATALOGING SOURCE
Original cataloging agency DLC
Transcribing agency HU
Modifying agency DLC
050 00 - LIBRARY OF CONGRESS CALL NUMBER
Classification number GE149
Item number .H47 1998
082 00 - DEWEY DECIMAL CLASSIFICATION NUMBER
Classification number 363.7 HER 1999
Edition number 21
100 1# - MAIN ENTRY--PERSONAL NAME
Personal name Hertsgaard, Mark,
Dates associated with a name 1956-
9 (RLIN) 15653
245 10 - TITLE STATEMENT
Title Earth odyssey :
Remainder of title around the world in search of our environmental future /
Statement of responsibility, etc. Mark Hertsgaard.
250 ## - EDITION STATEMENT
Edition statement 1st ed.
260 ## - PUBLICATION, DISTRIBUTION, ETC.
Place of publication, distribution, etc. New York :
Name of publisher, distributor, etc. Broadway Books,
Date of publication, distribution, etc. c1998.
300 ## - PHYSICAL DESCRIPTION
Extent 372 p. ;
Dimensions 25 cm.
504 ## - BIBLIOGRAPHY, ETC. NOTE
Bibliography, etc. note Includes bibliographical references (p. [339]-362) and index.
600 10 - SUBJECT ADDED ENTRY--PERSONAL NAME
Personal name Hertsgaard, Mark,
Dates associated with a name 1956-
General subdivision Travel.
9 (RLIN) 15654
650 #0 - SUBJECT ADDED ENTRY--TOPICAL TERM
Topical term or geographic name entry element Global environmental change.
9 (RLIN) 15655
650 #0 - SUBJECT ADDED ENTRY--TOPICAL TERM
Topical term or geographic name entry element Nature
General subdivision Effect of human beings on.
9 (RLIN) 8312
856 42 - ELECTRONIC LOCATION AND ACCESS
Materials specified Contributor biographical information
Uniform Resource Identifier <a href="http://www.loc.gov/catdir/bios/random058/98028202.html">http://www.loc.gov/catdir/bios/random058/98028202.html</a>
856 41 - ELECTRONIC LOCATION AND ACCESS
Materials specified Sample text
Uniform Resource Identifier <a href="http://www.loc.gov/catdir/samples/random041/98028202.html">http://www.loc.gov/catdir/samples/random041/98028202.html</a>
856 42 - ELECTRONIC LOCATION AND ACCESS
Materials specified Publisher description
Uniform Resource Identifier <a href="http://www.loc.gov/catdir/description/random043/98028202.html">http://www.loc.gov/catdir/description/random043/98028202.html</a>
906 ## - LOCAL DATA ELEMENT F, LDF (RLIN)
a 7
b cbc
c orignew
d 1
e ocip
f 19
g y-gencatlg
942 ## - ADDED ENTRY ELEMENTS (KOHA)
Source of classification or shelving scheme Dewey Decimal Classification
Koha item type Books like text book referance book
Suppress in OPAC No
Holdings
Withdrawn status Lost status Source of classification or shelving scheme Damaged status Not for loan Collection code Home library Current library Shelving location Date acquired Total Checkouts Full call number Barcode Date last seen Copy number Price effective from Koha item type
    Dewey Decimal Classification     Non-fiction Wondo Genet Library Wondo Genet Library General Stacks 10/26/2021   363.7 HER 1999 WGCFNRL00004790 10/26/2021 1 10/26/2021 Books like text book referance book